000 01396cam a22003491i 4500
001 10817971
003 EG-ScBUE
005 20250518083525.0
008 980115r20111976enka f b 001 0 eng d
020 _a9780750628969
040 _aEG-ScBUE
_beng
_erda
_dEG-ScBUE
_cEG-ScBUE
041 1 _aeng
_hrus
082 0 4 _a531
_bLAN
_222
100 1 _aLandau, L. D.
_938480
_q(Lev Davidovich)
_d1908-1968,
_eauthor.
245 1 0 _aMechanics.
_nvolume 1,
_pCourse of theoretical physics /
_cL. D. Landau and E. M. Lifshitz, Institute of Physical Problems, U.S.S.R., Academy of Science ; translated from the Russian by J. B. Sykes and J. S. Bell.
246 3 0 _aCourse of theoretical physics
250 _aThird edition.
250 _aReprinted edition.
264 1 _aOxford :
_bButterworth-Heinemann / Elsevier,
_c2011.
300 _axxvii, 170 pages :
_billustrations ;
_c24 cm.
336 _2rdacontent
_atext
_btxt
337 _aunmediated
_2rdamedia
_bn
338 _avolume
_bnc
_2rdacarrier
504 _aIncludes bibliographical references and index.
546 _aText in English ; translated from the original Russian language.
650 7 _aMechanics, Analytic.
_2BUEsh
_96803
655 _vReading book
700 1 _aLifshit︠s︡, E. M.
_q(Evgeniĭ Mikhaĭlovich),
_eauthor.
_938483
700 1 _aSykes, J. B.,
_etranslator.
700 1 _aBell, J. S.,
_etranslator.
942 _2ddc
_cBB
999 _c20895
_d20867